00379 2200157 4500001002100000005001500021035002000036245003600056100001800092250000600110300001600116260004500132082001000177084001600187020001800203INLIS00000000000002620260406014942 a0010-04260000261 aAku Anak Sehat /cLeguty Family0 aLeguty Family a1 a182 :bIlus aTangerang Selatan :bLeguty Media,c2021 a155.4 a155.4 LEG a a9786236214084